000 00991naa a22002897a 4500
001 BR9404911
003 BR-BrBNA
005 20240918181243.0
007 ta
008 230509b bl.||||| |||| 00| 0 por d
040 _aBR-BrBNA
_bpor
_cBiblioteca Nacional de Agricultura
041 _a(Pt)
072 _aE71
090 _aE71 BR9404911
100 1 _aAlmeida, G.B. de
245 1 _aIndicadores de competitividade para a industria brasileira no periodo 1974/91
260 3 _aRio de Janeiro, RJ (Brasil):
_c1994.
500 _aPerspectivas da economia brasileira - 1994 Rio de Janeiro, RJ (Brasil): 1994. v. 1 p. 359-396 (BR9404911-AM)E71
650 _aIndustria
650 _aIndicador Economico
650 _aImportacao
650 _aExportacao
650 _aMercado Internacional
773 0 _tPerspectivas da economia brasileira - 1994
_wE71 BR9404911
_gRio de Janeiro, RJ (Brasil), 1994. v. 1 p. 359-396
909 _a202404
_bLucia
_c55
_dLucia Elande
942 _cAM
_2AGRIS
999 _c324371
_d324371